[Event "Metz op 31th"]
[Site "Metz"]
[Date "2013.04.24"]
[Round "4"]
[White "Peyre, Camille"]
[Black "Wonner, Frank"]
[Result "1-0"]
[WhiteElo "1982"]
[BlackElo "2044"]
[PlyCount "149"]
[EventDate "2013.04.20"]
[EventType "swiss"]
[EventRounds "9"]
[EventCountry "FRA"]
[SourceTitle "EXT 2016"]
[Source "ChessBase"]
[SourceDate "2015.10.08"]
[SourceVersion "1"]
[SourceVersionDate "2015.10.08"]
[SourceQuality "1"]

1. d4 Nf6 2. c4 c5 3. d5 e6 4. Nc3 exd5 5. cxd5 d6 6. e4 g6 7. f4 Bg7 8. Bb5+ Nfd7 9. a4 0-0 10. Nf3 Na6 11. 0-0 Nb4 12. Re1 a6 13. Bf1 Re8 14. h3 f5 15. Ng5 Nf8 16. Ra3 h6 17. Nf3 fxe4 18. Nxe4 Bf5 19. Rae3 Bxe4 20. Rxe4 Qd7 21. Qe2 Rxe4 22. Qxe4 Kf7 23. Bc4 Re8 24. Ne5+ Bxe5 25. fxe5 Rxe5 26. Qf4+ Qf5 27. Rxe5 Qxf4 28. Bxf4 dxe5 29. Bxe5 b5 30. axb5 axb5 31. Bxb5 Nxd5 32. Bd6 Ne6 33. Bc4 Nb6 34. Bxe6+ Kxe6 35. Bxc5 Nc4 36. b4 Kd5 37. Kf2 Ke4 38. g3 Na3 39. Be3 h5 40. h4 Nb5 41. Bg5 Nc3 42. Bf4 Nb5 43. Ke2 Na3 44. Kd2 Nb5 45. Kc2 Kd4 46. Kb3 Kd5 47. Bb8 Nd4+ 48. Kc3 Nb5+ 49. Kd3 Nd4 50. Bf4 Nb5 51. Bh6 Nd6 52. Bg5 Nf5 53. Bf4 Nd6 54. Be3 Nf5 55. Bf2 Nd6 56. Be1 Nb5 57. Bc3 Nd6 58. Ke3 Nb5 59. Bg7 Nc7 60. Kf3 Ne6 61. Bf6 Nc7 62. Kf4 Ke6 63. Kg5 Kf7 64. Bc3 Ne6+ 65. Kh6 Nc7 66. Be5 Nb5 67. Bf4 Nd4 68. Bb8 Nc6 69. Bd6 Nd4 70. Be5 Nc6 71. Bc3 Na7 72. Kg5 Nb5 73. Bb2 Nd6 74. Kf4 Ke6 75. Be5 1-0

[Event "Metz op 31th"]
[Site "Metz"]
[Date "2013.04.21"]
[Round "3"]
[White "Wonner, Frank"]
[Black "Daurelle, Herve"]
[Result "1/2-1/2"]
[WhiteElo "2044"]
[BlackElo "2215"]
[PlyCount "51"]
[EventDate "2013.04.20"]
[EventType "swiss"]
[EventRounds "9"]
[EventCountry "FRA"]
[SourceTitle "EXT 2016"]
[Source "ChessBase"]
[SourceDate "2015.10.08"]
[SourceVersion "1"]
[SourceVersionDate "2015.10.08"]
[SourceQuality "1"]

1. e4 c5 2. Nf3 d6 3. Bb5+ Bd7 4. Bxd7+ Qxd7 5. c4 Nf6 6. Nc3 g6 7. d4 cxd4 8. Nxd4 Bg7 9. f3 0-0 10. 0-0 Rc8 11. b3 d5 12. exd5 Nxd5 13. Nxd5 e6 14. Ne3 Bxd4 15. Rb1 Nc6 16. Kh1 Rd8 17. Nc2 Bg7 18. Bg5 f6 19. Be3 e5 20. Qxd7 Rxd7 21. Rfd1 Rad8 22. Rxd7 Rxd7 23. Kg1 f5 24. g3 a6 25. Kf1 h6 26. Ke2 1/2-1/2

[Event "Metz op 28th"]
[Site "Metz"]
[Date "2010.04.16"]
[Round "8"]
[White "Wonner, Frank"]
[Black "Caroff, Frederic"]
[Result "1/2-1/2"]
[WhiteElo "1964"]
[BlackElo "2138"]
[PlyCount "117"]
[EventDate "2010.04.10"]
[EventType "swiss"]
[EventRounds "9"]
[EventCountry "FRA"]
[SourceTitle "CBM 136 Extra"]
[Source "ChessBase"]
[SourceDate "2010.07.02"]
[SourceVersion "2"]
[SourceVersionDate "2010.07.15"]
[SourceQuality "1"]

1. e4 c5 2. Nf3 d6 3. d4 cxd4 4. Nxd4 Nf6 5. Nc3 a6 6. Bg5 e6 7. f4 Qb6 8. Qd2 Qxb2 9. Rb1 Qa3 10. e5 dxe5 11. fxe5 Nfd7 12. Ne4 h6 13. Bb5 hxg5 14. Rb3 Qxa2 15. Qc3 Nc6 16. Bxc6 bxc6 17. 0-0 c5 18. Nc6 Qa4 19. Qf3 f5 20. exf6 Qxc6 21. fxg7 Bxg7 22. Nf6+ Bxf6 23. Qxc6 Bd4+ 24. Kh1 Be5 25. Qxa8 Rxh2+ 26. Kg1 Kd8 27. Rh3 Rxh3 28. gxh3 Bd4+ 29. Rf2 Kc7 30. Kf1 Bb7 31. Qg8 Bxf2 32. Kxf2 Be4 33. c3 Bf5 34. Qxg5 Ne5 35. Qf4 Kd6 36. h4 Kd5 37. Qa4 Bd3 38. Ke3 Bb5 39. Qb3+ Nc4+ 40. Kf4 e5+ 41. Kg3 Ke4 42. Qc2+ Ke3 43. h5 Nd2 44. h6 Bd3 45. Qxd3+ Kxd3 46. h7 Ne4+ 47. Kg2 Nxc3 48. h8Q e4 49. Qc8 a5 50. Qa6+ c4 51. Qxa5 Ne2 52. Qd5+ Nd4 53. Kf2 c3 54. Qg5 c2 55. Qe3+ Kc4 56. Ke1 Nb3 57. Qxe4+ Kc3 58. Qe5+ Kd3 59. Qe2+ 1/2-1/2

[Event "Metz op 28th"]
[Site "Metz"]
[Date "2010.04.16"]
[Round "6"]
[White "Wonner, Frank"]
[Black "Quenette, Remi"]
[Result "1/2-1/2"]
[WhiteElo "1964"]
[BlackElo "2197"]
[PlyCount "43"]
[EventDate "2010.04.10"]
[EventType "swiss"]
[EventRounds "9"]
[EventCountry "FRA"]
[SourceTitle "CBM 136 Extra"]
[Source "ChessBase"]
[SourceDate "2010.07.02"]
[SourceVersion "2"]
[SourceVersionDate "2010.07.15"]
[SourceQuality "1"]

1. e4 e6 2. d3 d5 3. Nd2 a6 4. g3 dxe4 5. Nxe4 Bd7 6. Bg2 Bc6 7. Nf3 Nf6 8. Bg5 h6 9. Nxf6+ gxf6 10. Bd2 Bg7 11. Bc3 Nd7 12. Nh4 Bxg2 13. Nxg2 Nb6 14. Nf4 Nd5 15. Qg4 Rg8 16. Nh5 Nxc3 17. Nxg7+ Kf8 18. bxc3 Qd5 19. Nxe6+ fxe6 20. Qe4 Qxe4+ 21. dxe4 Rg5 22. 0-0-0 1/2-1/2

[Event "Metz op 28th"]
[Site "Metz"]
[Date "2010.04.15"]
[Round "9"]
[White "Steil Antoni, Fiona"]
[Black "Wonner, Frank"]
[Result "1-0"]
[WhiteElo "2151"]
[BlackElo "1964"]
[PlyCount "85"]
[EventDate "2010.04.10"]
[EventType "swiss"]
[EventRounds "9"]
[EventCountry "FRA"]
[SourceTitle "CBM 136 Extra"]
[Source "ChessBase"]
[SourceDate "2010.07.02"]
[SourceVersion "2"]
[SourceVersionDate "2010.07.15"]
[SourceQuality "1"]

1. e4 c5 2. c3 Qa5 3. Nf3 d6 4. Bc4 Nf6 5. d3 b5 6. Bb3 e6 7. 0-0 Nbd7 8. Re1 Bb7 9. h3 Be7 10. Bf4 0-0 11. Nbd2 Rac8 12. a3 Rfd8 13. Qe2 Qb6 14. Rad1 Ba6 15. Bc2 Nf8 16. Bg3 b4 17. axb4 cxb4 18. c4 Ng6 19. b3 d5 20. exd5 exd5 21. Ne5 Bd6 22. Nxg6 hxg6 23. Bxd6 Qxd6 24. Qe7 Qb6 25. Qe3 d4 26. Qf4 Nh5 27. Qh4 Bb7 28. Re2 Re8 29. Rde1 Qc6 30. Nf3 Red8 31. Re7 a6 32. Qg4 Nf6 33. Qg5 Nh7 34. Qg3 Re8 35. Rxe8+ Rxe8 36. Rxe8+ Qxe8 37. Nxd4 Qe1+ 38. Kh2 Nf8 39. Qe3 Qf1 40. f3 Qa1 41. Ne2 Qe1 42. d4 g5 43. d5 1-0